000 00578nam a2200229Ia 4500
005 20260320202103.0
008 008 262003s9999 xx 000 0 eng d
037 _aEBOOK
040 _aCRL
040 _beng
040 _cCRL
041 _2eng
041 _aeng
084 _qCRL
100 _aYouens-Clark
_91136770
245 0 _aTiny Python Projects: Learn coding and testing with puzzles and games
260 _bIEEE
856 _uhttps://ieeexplore.ieee.org/servlet/opac?bknumber=10280505
942 _cEBOOK
999 _c1725226
_d1725226